Χωρίς όρια : οι αχανείς εκτάσεις των αθηναϊκών προαστίων
Αποθηκεύτηκε σε:
| Άλλοι συγγραφείς: | , |
|---|---|
| Μορφή: | Βιβλίο |
| Γλώσσα: | Greek |
| Δημοσίευση: |
Αθήνα :
Futura,
2003
|
| Σειρά: | Πολεοδομία/Αρχιτεκτονική
|
| Θέματα: | |
| Ετικέτες: |
Προσθήκη ετικέτας
Δεν υπάρχουν, Καταχωρήστε ετικέτα πρώτοι!
|
MARC
| LEADER | 00000nam a2200000 i 4500 | ||
|---|---|---|---|
| 001 | 1/72445 | ||
| 008 | 050301s2003 gre d | ||
| 020 | |a 960-7980-53-0 | ||
| 035 | |l 10076820 | ||
| 040 | |a GR-MY-UA |b gre |e aacr | ||
| 041 | 0 | |a gre | |
| 082 | 0 | |a 711.40949512 |2 (21) | |
| 245 | 1 | 0 | |a Χωρίς όρια : |b οι αχανείς εκτάσεις των αθηναϊκών προαστίων / |c επιμέλεια Νίκος Καζερός, Παύλος Λεφάς |
| 260 | |a Αθήνα : |b Futura, |c 2003 | ||
| 300 | |a 381 σ.; |b εικ.; |c 23 εκ. | ||
| 490 | 1 | |a Πολεοδομία/Αρχιτεκτονική | |
| 504 | |a Περιέχει βιβλιογραφικές παραπομπές | ||
| 650 | 0 | 0 | |a Suburbs |z Greece |z Athens. |
| 650 | 0 | 0 | |a Suburban life |z Greece |z Athens. |
| 650 | 0 | 0 | |a City planning |z Greece |z Athens. |
| 650 | 0 | 0 | |a Cities and towns |x Growth. |
| 700 | 1 | |a Καζέρος, Νίκος. | |
| 700 | 1 | |a Λέφας, Παύλος. | |
| 830 | 0 | |a Πολεοδομία/Αρχιτεκτονική | |
| 852 | |a INST |b LESVOS |e 20050301 |h 711.40949512 ΧΩΡ |p 005100030177 |q 005100030177 |t BK |y 0 | ||
| 852 | |a INST |b LESVOS |e 20050914 |h 711.40949512 ΧΩΡ |p 005100031136 |q 005100031136 |t BK |y 0 | ||
| 852 | |a INST |b LESVOS |e 20050916 |h 711.40949512 ΧΩΡ |p 005100032547 |q 005100032547 |t BK |y 0 | ||
| 901 | |a BIBL1-2005-1 | ||
| 901 | |a BIBL1-2005-3 | ||
| 909 | |a Λ |b 113841 | ||
| 909 | |a Λ |b 116296 | ||
| 909 | |a Λ |b 116297 | ||
| 920 | |a ΔΙΕΥΡΥΝΣΗ |b ΕΠΕΑΕΚ-ΤΚ |y ΛΕΣΒΟΣ |z 2004-10 | ||
| 970 | |a ΜΑΡΙΝΑΤΟΥ |b ΜΥΡΣΙΝΗ |z 2005/03/01 | ||